| 000 | 01310cam a2200301 i 4500 | ||
|---|---|---|---|
| 003 | SA-RiAUC | ||
| 005 | 20260211121751.0 | ||
| 008 | 260209s1997 su g b f00010dara c | ||
| 020 | _a9960827038 | ||
| 040 |
_aSA-JeALM _bara _cSA-RiAUC _erda |
||
| 050 | 4 | _b.M88 1997 | |
| 082 | 0 | 4 |
_a213 _qSA-RiAUC |
| 090 |
_a213 _bم ط ل |
||
| 100 | 1 |
_aالمطلق، إبراهيم بن عبد الله _eمؤلف. |
|
| 245 | 1 | 2 |
_aالتدرج في دعوة النبي صلى الله عليه وسلم / _cإبراهيم بن عبد الله المطلق. |
| 250 | _aالطبعة الأولى. | ||
| 264 | 1 |
_aالرياض : _bوزارة الشؤون للأوقاف والدعوة والإرشاد، مركز البحوث والدراسات الإسلامي، _c1997 |
|
| 300 |
_a167 صفحة ؛ _c24 سم. |
||
| 336 |
_aنص _btxt _2rdacontent _3كتاب |
||
| 337 |
_aبدون وسيط _bn _2rdamedia |
||
| 490 | 0 |
_aسلسلة الكتاب الإسلامي ؛ _v2 |
|
| 504 | _aببليوجرافية : صفحة 157-164. | ||
| 600 | 0 | 7 |
_aمحمد (صلى الله عليه وسلم)، _d53 قبل الهجرة-11 هجري _2aucnm |
| 650 | 7 |
_aالدعوة الإسلامية _2aucsh |
|
| 650 | 7 |
_aالسيرة النبوية _2aucsh |
|
| 942 |
_2ddc _cBOOK _n0 |
||
| 949 |
_aSA-JeALM _d260209 _uosman123 _n1 |
||
| 999 |
_c14300 _d14300 |
||